CJ7 (Record no. 166376)

MARC details
000 -LEADER
fixed length control field 00521ngm a2200205 i 4500
001 - CONTROL NUMBER
control field C2-0310363
003 - CONTROL NUMBER IDENTIFIER
control field PPAK
005 - DATE AND TIME OF LATEST TRANSACTION
control field 20180727220605.0
008 - FIXED-LENGTH DATA ELEMENTS--GENERAL INFORMATION
fixed length control field 110616s2004 xx |||| ||||| | vleng d
040 ## - CATALOGING SOURCE
Original cataloging agency PPAK
Language of cataloging eng
Transcribing agency PPAK
Description conventions rda
245 10 - TITLE STATEMENT
Title CJ7
264 #1 - PRODUCTION, PUBLICATION, DISTRIBUTION, MANUFACTURE, AND COPYRIGHT NOTICE
Name of producer, publisher, distributor, manufacturer Star TV Filmed Entertainment ,
Date of production, publication, distribution, manufacture, or copyright notice 2004
336 ## - CONTENT TYPE
Source rdacontent
Content type term text
337 ## - MEDIA TYPE
Source rdamedia
Media type term unmediated
338 ## - CARRIER TYPE
Source rdacarrier
Carrier type term volume
700 ## - ADDED ENTRY--PERSONAL NAME
Relator term author
Personal name Chow, Stephen,
Relator term compile
Personal name Lam, Angie,
Relator term editor
942 ## - ADDED ENTRY ELEMENTS (KOHA)
Source of classification or shelving scheme Dewey Decimal Classification
Koha item type Digital Video Disc
Holdings
Withdrawn status Lost status Source of classification or shelving scheme Damaged status Not for loan Home library Current library Shelving location Date acquired Cost, normal purchase price Full call number Barcode Date last seen Price effective from Koha item type
    Dewey Decimal Classification     Perpustakaan Baling Perpustakaan Baling Pinjaman Dewasa 22/06/2011 0.00 791.43 CHO A00816450 05/07/2018 05/07/2018 Digital Video Disc